On the wrong track? (Record no. 78572)

MARC details
000 -LEADER
fixed length control field 01462cab a22002175a 4500
001 - CONTROL NUMBER
control field L137264
008 - FIXED-LENGTH DATA ELEMENTS--GENERAL INFORMATION
fixed length control field 070327s2007 xxk f v 000 0 eng d
035 ## - SYSTEM CONTROL NUMBER
System control number (Sirsi) u137264
041 0# - LANGUAGE CODE
Language code of text/sound track or separate title eng
100 1# - MAIN ENTRY--PERSONAL NAME
Personal name Quigley, Ian
245 00 - TITLE STATEMENT
Title On the wrong track?
260 ## - PUBLICATION, DISTRIBUTION, ETC.
Date of publication, distribution, etc. 2007
490 #0 - SERIES STATEMENT
Series statement Journal of the Law Society of Scotland
Volume/sequential designation 52(2) February 2007, 48-50(3)
520 ## - SUMMARY, ETC.
Summary, etc. Suggests that the reliance of Scottish case law on precedent has meant that it has not always kept pace with commercial practice, particularly in the context of leases. and that property law custom and practice should also be taken into account. Illustrates this viewpoint by reference to two cases. In ?Bisset v Aberdeen Magistrates? ([1898] IF 87) a lease for 999 years contained a provision whereby the grantor bound himself to deliver to the lessee and his executors and successors at any time upon request a feu charter of the subject let on the conditions contained in the lease. ?Optical Express (Gyle) Ltd v Marks and Spencer plc? ([2000] SLT 644) concerned a back letter with an exclusivity clause and whether successors to the landlord who granted that back letter could be taken bound to the terms thereof.
590 ## - LOCAL NOTE (RLIN)
Local note KA
650 24 - SUBJECT ADDED ENTRY--TOPICAL TERM
Topical term or geographic name entry element BISSET V ABERDEEN MAGISTRATES
650 24 - SUBJECT ADDED ENTRY--TOPICAL TERM
Topical term or geographic name entry element OPTICAL EXPRESS (GYLE) LTD V MARKS AND SPENCER PLC
651 #4 - SUBJECT ADDED ENTRY--GEOGRAPHIC NAME
Geographic name Scotland
Chronological subdivision 1999-
690 ## - LOCAL SUBJECT ADDED ENTRY--TOPICAL TERM (OCLC, RLIN)
Topical term or geographic name as entry element PROPERTY-COMMERCIAL PROPERTY-COMMERCIAL LANDLORD AND TENANT-COMMERCIAL LEASES
942 ## - ADDED ENTRY ELEMENTS (KOHA)
Suppress in OPAC 0
Holdings
Withdrawn status Lost status Source of classification or shelving scheme Damaged status Not for loan Home library Current library Shelving location Date acquired Total Checkouts Full call number Barcode Date last seen Copy number Price effective from Koha item type
    Dewey Decimal Classification     London London Journal article 27/03/2007   L137264 137264-1001 06/08/2019 1 06/08/2019 Journal article